000 00624nam a22001817a 4500
003 0
005 20160609165252.0
008 100107t xxu||||| |||| 00| 0 eng d
037 _aM15395
_bBIBLIO
040 _aUAC
_bF
_cEPAC
082 _a27.APE/AHO
100 _aHernione Ingrid AHOUANDJINOU
_92608
245 _aEffet de la pollution atmosphérique liée au traffic véhiculaire sur la prévalence des maladies des voies respiratoires en milieu urbain : cas de la ville de Cotonou
260 _aEPAC
_bBIBLIO
_c2007-2008
300 _aI-42p
_c29cm
650 _aAMENAGEMENT PROTECTION ENVIRONNEMENT
_92609
942 _cTHE
999 _c46670
_d46670